[Event "Police Gniota Memorial 23rd"]
[Site "Police"]
[Date "2008.07.15"]
[Round "8"]
[White "Chlost, Marlena"]
[Black "Ciszewski, Eugeniusz"]
[Result "1-0"]
[WhiteElo "2131"]
[BlackElo "2002"]
[PlyCount "45"]
[EventDate "2008.07.09"]
[EventType "swiss"]
[EventRounds "9"]
[EventCountry "POL"]
[SourceTitle "CBM 125 Extra"]
[Source "ChessBase"]
[SourceDate "2008.09.01"]
[SourceVersion "1"]
[SourceVersionDate "2008.09.01"]
[SourceQuality "1"]

1. e4 e5 2. Nf3 Nf6 3. Nxe5 d6 4. Nc4 Nxe4 5. d4 d5 6. Ne3 c6 7. Bd3 Be7 8. 0-0 0-0 9. b3 Be6 10. c4 Nf6 11. Bb2 Nbd7 12. f4 Nb6 13. c5 Nc8 14. f5 Bd7 15. Nd2 Ne8 16. Nf3 Bg5 17. Ng4 h6 18. Nxg5 hxg5 19. Ne5 Nf6 20. Bc1 Nh7 21. f6 gxf6 22. Qh5 f5 23. Nxd7 1-0

[Event "POL-ch Seniors 18th"]
[Site "Rowy"]
[Date "2007.09.13"]
[Round "6.7"]
[White "Olejarczyk, Bogdan"]
[Black "Ciszewski, Eugeniusz"]
[Result "0-1"]
[WhiteElo "2219"]
[BlackElo "1993"]
[PlyCount "45"]
[EventDate "2007.09.09"]
[EventType "swiss"]
[EventRounds "9"]
[EventCountry "POL"]
[SourceTitle "EXT 2023"]
[Source "ChessBase"]
[SourceDate "2022.10.05"]
[SourceVersion "1"]
[SourceVersionDate "2022.10.05"]
[SourceQuality "1"]

1. d4 d5 2. c4 c6 3. Nf3 Nf6 4. Nc3 e6 5. a4 a6 6. e3 Nbd7 7. Be2 b6 8. 0-0 Bb7 9. Qc2 Rc8 10. Rd1 Qc7 11. e4 dxe4 12. Nxe4 c5 13. Nxf6+ Nxf6 14. Bg5 Be7 15. a5 cxd4 16. axb6 Qxb6 17. Qa4+ Qc6 18. Nxd4 Qxa4 19. Rxa4 Rc5 20. Be3 Rc7 21. Bf4 Rd7 22. Nf3 Rxd1+ 23. Bxd1 0-1

[Event "Rowy Seniors op 7th"]
[Site "Rowy"]
[Date "2003.09.02"]
[Round "3"]
[White "Ciszewski, Eugeniusz"]
[Black "Krawcewicz, Lucyna"]
[Result "0-1"]
[WhiteElo "1966"]
[BlackElo "2051"]
[PlyCount "54"]
[EventDate "2003.08.??"]
[EventType "swiss"]
[EventRounds "9"]
[EventCountry "POL"]
[SourceTitle "EXT 2006"]
[Source "ChessBase"]
[SourceDate "2005.11.24"]
[SourceVersion "1"]
[SourceVersionDate "2005.11.24"]
[SourceQuality "1"]

1. c4 Nf6 2. Nc3 d5 3. e3 c6 4. Nf3 Nbd7 5. cxd5 cxd5 6. d4 a6 7. a4 e6 8. Bd3 Bd6 9. 0-0 0-0 10. b3 Re8 11. Ba3 Bb8 12. Rc1 e5 13. dxe5 Nxe5 14. Nxe5 Bxe5 15. Be2 d4 16. exd4 Bxd4 17. Bf3 Rb8 18. Nd5 Nxd5 19. Qxd4 Be6 20. Rfd1 Nf6 21. Qf4 Qa5 22. Bd6 Rbc8 23. b4 Qxa4 24. Bxb7 Rxc1 25. Rxc1 Bd7 26. Be5 Ng4 27. Qg5 Nxe5 0-1

[Event "Rowy Seniors op 7th"]
[Site "Rowy"]
[Date "2003.08.31"]
[Round "1"]
[White "Ciszewski, Eugeniusz"]
[Black "Fleiszerowicz, Leopold"]
[Result "1-0"]
[WhiteElo "1966"]
[BlackElo "1600"]
[PlyCount "67"]
[EventDate "2003.08.??"]
[EventType "swiss"]
[EventRounds "9"]
[EventCountry "POL"]
[SourceTitle "EXT 2006"]
[Source "ChessBase"]
[SourceDate "2005.11.24"]
[SourceVersion "1"]
[SourceVersionDate "2005.11.24"]
[SourceQuality "1"]

1. c4 c5 2. Nf3 Nf6 3. d4 e6 4. Nc3 cxd4 5. Nxd4 e5 6. Ndb5 h6 7. e4 d6 8. Be2 a6 9. Na3 g5 10. Be3 Bg7 11. f3 0-0 12. Nc2 Nc6 13. Qd2 Qc7 14. h4 Nh7 15. hxg5 hxg5 16. Bxg5 f6 17. Be3 Be6 18. Nd5 Qf7 19. g4 Bxd5 20. cxd5 Ne7 21. 0-0-0 Ng6 22. Kb1 b5 23. Nb4 a5 24. Nc6 b4 25. Bb5 Nf4 26. Bxf4 exf4 27. Qxf4 Qb7 28. Nd4 Qe7 29. Ne6 Rfc8 30. Rxh7 Kxh7 31. Rh1+ Kg8 32. Qh2 Kf7 33. Qh5+ Kg8 34. Qh7+ 1-0

[Event "Rowy Seniors op 7th"]
[Site "Rowy"]
[Date "2003.03.17"]
[Round "8"]
[White "Ciszewski, Eugeniusz"]
[Black "Turek, Andrzej"]
[Result "1-0"]
[WhiteElo "1966"]
[BlackElo "2091"]
[PlyCount "48"]
[EventDate "2003.08.??"]
[EventType "swiss"]
[EventRounds "9"]
[EventCountry "POL"]
[SourceTitle "EXT 2006"]
[Source "ChessBase"]
[SourceDate "2005.11.24"]
[SourceVersion "1"]
[SourceVersionDate "2005.11.24"]
[SourceQuality "1"]

1. c4 Nf6 2. Nc3 d5 3. cxd5 Nxd5 4. g3 g6 5. Bg2 Nb6 6. d4 Bg7 7. e3 0-0 8. Nge2 Nc6 9. 0-0 Rb8 10. d5 Na5 11. e4 e6 12. b3 exd5 13. exd5 Bg4 14. f3 Bd7 15. Ba3 Re8 16. Bb4 Nac4 17. bxc4 Nxc4 18. Bc5 Ne3 19. Bxe3 Rxe3 20. Qd2 Qe7 21. Rac1 Bb5 22. Nxb5 Rxe2 23. Qd3 c6 24. Nd4 Re3 1-0